Модифицированные волокнистые материалы на основе полилактида с иммобилизованными на поверхность биоактивными молекулами гиалуроновой кислоты; Перспективные материалы конструкционного и функционального назначения

Detaylı Bibliyografya
Parent link:Перспективные материалы конструкционного и функционального назначения.— 2024.— С. 303-305
Yazar: Хомутова У. В.
Müşterek Yazar: Национальный исследовательский Томский политехнический университет (570)
Diğer Yazarlar: Лапуть О. А., Воронова Г. А. Гульнара Альфридовна
Özet:Текстовый файл
Dil:Rusça
Baskı/Yayın Bilgisi: 2024
Seri Bilgileri:Модификация поверхности
Konular:
Online Erişim:http://earchive.tpu.ru/handle/11683/81608
Materyal Türü: MixedMaterials Elektronik Kitap Bölümü
KOHA link:https://koha.lib.tpu.ru/cgi-bin/koha/opac-detail.pl?biblionumber=676951

MARC

LEADER 00000naa2a2200000 4500
001 676951
005 20241128142735.0
090 |a 676951 
100 |a 20241126d2024 k||y0rusy50 ca 
101 0 |a rus 
102 |a RU 
135 |a drbn ---uucaa 
200 1 |a Модифицированные волокнистые материалы на основе полилактида с иммобилизованными на поверхность биоактивными молекулами гиалуроновой кислоты  |f У. В. Хомутова, О. А. Лапуть, Г. А. Воронова  |g Национальный исследовательский Томский политехнический университет 
225 1 |a Модификация поверхности 
283 |2 RDAcarrier 
320 |a Список литературы: 2 назв 
336 |a Текстовый файл 
463 1 |0 676692  |9 676692  |c Томск  |d 2024  |n Изд-во ТПУ  |o сборник научных трудов Международной научно-технической молодежной конференции, Томск, 21–25 октября 2024 г.  |t Перспективные материалы конструкционного и функционального назначения  |u conference_tpu-2024-C125.pdf  |v С. 303-305  |f ред. кол. С. П. Буякова, Б. С. Зенин, О. Ю. Ваулина [и др.] 
610 1 |a электронный ресурс 
610 1 |a труды учёных ТПУ 
610 1 |a волокнистые материалы 
610 1 |a полилактид 
610 1 |a физико-химические свойства 
700 1 |a Хомутова  |b У. В. 
701 1 |a Лапуть  |b О. А. 
701 1 |a Воронова  |b Г. А.  |c химик  |c доцент Томского политехнического университета, кандидат химических наук  |f 1974-  |g Гульнара Альфридовна  |9 11536 
712 0 2 |a Национальный исследовательский Томский политехнический университет  |c (2009- )  |9 26305  |4 570 
801 0 |a RU  |b 63413507  |c 20241126 
850 |a 63413507 
856 |u http://earchive.tpu.ru/handle/11683/81608  |z http://earchive.tpu.ru/handle/11683/81608 
942 |c CF